Lạc rừng : Tiểu thuyết
Đã lưu trong:
| Hovedforfatter: | |
|---|---|
| Format: | Bog |
| Sprog: | Undetermined |
| Udgivet: |
Hà Nội
Hội Nhà văn
2015
|
| Fag: | |
| Tags: |
Tilføj Tag
Ingen Tags, Vær først til at tagge denne postø!
|
| Thư viện lưu trữ: | Trung tâm Học liệu Trường Đại học Cần Thơ |
|---|
| LEADER | 00614nam a2200205Ia 4500 | ||
|---|---|---|---|
| 001 | CTU_210007 | ||
| 008 | 210402s9999 xx 000 0 und d | ||
| 082 | |a 895.922334 | ||
| 082 | |b Tr513 | ||
| 100 | |a Trung Trung Đỉnh | ||
| 245 | 0 | |a Lạc rừng : | |
| 245 | 0 | |b Tiểu thuyết | |
| 245 | 0 | |c Trung Trung Đỉnh | |
| 260 | |a Hà Nội | ||
| 260 | |b Hội Nhà văn | ||
| 260 | |c 2015 | ||
| 650 | |a Vietnamese literature,Văn học Việt Nam | ||
| 650 | |y 20th century,Thế kỷ 20 | ||
| 904 | |i Trương Thủy Ly, Trúc | ||
| 980 | |a Trung tâm Học liệu Trường Đại học Cần Thơ | ||